Собрание сочинений: В 2-х т.
| 1. autor: | |
|---|---|
| Język: | rosyjski |
| Wydane: |
Москва, Золотой век, 1996
|
| Format: | MixedMaterials Książka |
| KOHA link: | https://koha.lib.tpu.ru/cgi-bin/koha/opac-detail.pl?biblionumber=66119 |
MARC
| LEADER | 00000nam1a2200000 4500 | ||
|---|---|---|---|
| 001 | 66119 | ||
| 005 | 20231031071153.0 | ||
| 010 | |a 5900206246 | ||
| 035 | |a (RuTPU)RU\TPU\book\70219 | ||
| 035 | |a RU\TPU\book\2702 | ||
| 090 | |a 66119 | ||
| 100 | |a 20040721d1996 m y0rusy50 ca | ||
| 101 | 0 | |a rus | |
| 102 | |a RU | ||
| 200 | 1 | |a Собрание сочинений |d Сакральное Руси |e В 2-х т. |f Ю. П. Миролюбов | |
| 210 | |a Москва |c Золотой век |d 1996 | ||
| 700 | 1 | |a Миролюбов |b Ю. П. |g Юрий | |
| 801 | 0 | |a RU |b 63413507 |c 20011209 |g PSBO | |
| 801 | 1 | |a RU |b 63413507 |c 20040721 |g PSBO | |
| 801 | 2 | |a RU |b 63413507 |c 20060512 |g PSBO | |
| 942 | |c BK | ||